[Event "PervenstvoRT2015"]
[Site "?"]
[Date "2015.08.22"]
[Round "3.5"]
[White "Anastasia, Kozina"]
[Black "Darya, Kuznetsova"]
[Result "1-0"]
[LiveChessVersion "1.4.6"]
[BlackElo "1918"]
[WhiteElo "2105"]

1. e4 {[%clk 1:30:58]} e6 {[%clk 1:30:54]} 2. d4 {[%clk 1:31:22]} d5
{[%clk 1:31:19]} 3. Nc3 {[%clk 1:28:51]} Bb4 {[%clk 1:31:42]} 4. exd5
{[%clk 1:29:15]} exd5 {[%clk 1:32:08]} 5. Bd3 {[%clk 1:29:38]} Nc6
{[%clk 1:32:30]} 6. a3 {[%clk 1:29:53]} Bxc3+ {[%clk 1:27:33]} 7. bxc3
{[%clk 1:30:16]} Nge7 {[%clk 1:24:38]} 8. Ne2 {[%clk 1:27:07]} Bf5
{[%clk 1:24:33]} 9. O-O {[%clk 1:27:06]} O-O {[%clk 1:24:52]} 10. Nf4
{[%clk 1:26:25]} Qd7 {[%clk 1:14:00]} 11. h3 {[%clk 1:17:44]} Ng6
{[%clk 1:10:39]} 12. Qf3 {[%clk 1:13:26]} Nxf4 {[%clk 1:09:11]} 13. Bxf4
{[%clk 1:13:31]} Bxd3 {[%clk 1:05:06]} 14. cxd3 {[%clk 1:13:32]} Ne7
{[%clk 1:03:59]} 15. Rfe1 {[%clk 1:09:59]} Ng6 {[%clk 1:03:02]} 16. Bg3
{[%clk 1:07:03]} a5 {[%clk 1:01:29]} 17. Rab1 {[%clk 1:05:25]} c6
{[%clk 0:44:49]} 18. Rb6 {[%clk 1:00:58]} Rfe8 {[%clk 0:41:51]} 19. Reb1
{[%clk 1:01:20]} Ra7 {[%clk 0:41:53]} 20. Kh2 {[%clk 0:57:19]} Qe7
{[%clk 0:34:53]} 21. Qe3 {[%clk 0:47:39]} Qd7 {[%clk 0:28:50]} 22. Qd2
{[%clk 0:46:48]} f5 {[%clk 0:25:33]} 23. f3 {[%clk 0:42:27]} h6 {[%clk 0:22:23]}
24. c4 {[%clk 0:31:18]} Kh7 {[%clk 0:19:59]} 25. c5 {[%clk 0:28:52]} Qf7
{[%clk 0:17:42]} 26. Bd6 {[%clk 0:26:44]} f4 {[%clk 0:17:35]} 27. Re1
{[%clk 0:23:56]} Raa8 {[%clk 0:16:39]} 28. Rbb1 {[%clk 0:23:20]} Rxe1
{[%clk 0:16:17]} 29. Rxe1 {[%clk 0:23:42]} Qf6 {[%clk 0:14:56]} 30. Be5
{[%clk 0:18:21]} Qh4 {[%clk 0:14:45]} 31. Re2 {[%clk 0:18:10]} Qg3+
{[%clk 0:12:32]} 32. Kh1 {[%clk 0:17:47]} Qh4 {[%clk 0:09:28]} 33. Qb2
{[%clk 0:15:44]} Ne7 {[%clk 0:09:11]} 34. Qxb7 {[%clk 0:10:46]} Rg8
{[%clk 0:07:45]} 35. Qd7 {[%clk 0:07:51]} h5 {[%clk 0:06:14]} 36. Bxf4
{[%clk 0:06:27]} Qxf4 {[%clk 0:06:29]} 37. Qxe7 {[%clk 0:06:51]} Qxd4
{[%clk 0:06:27]} 38. Qe5 {[%clk 0:06:29]} Qxe5 {[%clk 0:03:33]} 39. Rxe5
{[%clk 0:06:53]} Rb8 {[%clk 0:03:47]} 40. Rxh5+ {[%clk 0:05:09]} Kg6
{[%clk 0:04:11]} 41. Rh4 {[%clk 0:04:35]} Rb5 {[%clk 0:04:16]} 42. Kg1
{[%clk 0:03:12]} Rxc5 {[%clk 0:04:38]} 43. Ra4 {[%clk 0:03:33]} Rc3
{[%clk 0:02:12]} 44. Rxa5 {[%clk 0:03:58]} Rxd3 {[%clk 0:02:36]} 45. Rc5
{[%clk 0:04:20]} Rxa3 {[%clk 0:03:00]} 46. Rxc6+ {[%clk 0:04:44]} Kf5
{[%clk 0:03:20]} 47. Rd6 {[%clk 0:05:04]} Ke5 {[%clk 0:03:09]} 48. Rd7
{[%clk 0:05:28]} g6 {[%clk 0:03:35]} 49. Kf2 {[%clk 0:05:28]} Ra6
{[%clk 0:03:38]} 50. g4 {[%clk 0:05:06]} Kd4 {[%clk 0:02:50]} 51. h4
{[%clk 0:04:51]} Re6 {[%clk 0:01:35]} 52. Kg3 {[%clk 0:04:42]} Kc4
{[%clk 0:01:40]} 53. h5 {[%clk 0:04:08]} gxh5 {[%clk 0:01:12]} 54. gxh5
{[%clk 0:04:33]} d4 {[%clk 0:01:19]} 55. Kg4 {[%clk 0:04:48]} d3 {[%clk 0:01:04]}
56. Kg5 {[%clk 0:05:02]} Kc3 {[%clk 0:00:41]} 57. h6 {[%clk 0:05:24]} d2
{[%clk 0:00:37]} 58. h7 {[%clk 0:05:49]} Re8 {[%clk 0:01:03]} 59. Kg6
{[%clk 0:06:03]} Kc2 {[%clk 0:01:23]} 60. Kg7 {[%clk 0:06:02]} d1=Q
{[%clk 0:00:37]} 61. Rxd1 {[%clk 0:06:25]} Re7+ {[%clk 0:00:33]} 62. Kg8
{[%clk 0:06:04]} Kxd1 {[%clk 0:00:38]} 63. h8=Q {[%clk 0:06:26]} 1-0

[Event "PervenstvoRT2015"]
[Site "?"]
[Date "2015.08.22"]
[Round "3.6"]
[White "Ainur, Garafutdinov"]
[Black "Mikhail, Galiullin"]
[Result "0-1"]
[LiveChessVersion "1.4.6"]
[BlackElo "2110"]
[WhiteElo "1946"]

1. e4 {[%clk 1:30:58]} g6 {[%clk 1:30:47]} 2. d4 {[%clk 1:31:25]} Bg7
{[%clk 1:31:09]} 3. Nc3 {[%clk 1:31:44]} c6 {[%clk 1:31:07]} 4. f4
{[%clk 1:31:39]} d6 {[%clk 1:30:22]} 5. h3 {[%clk 1:18:45]} e5 {[%clk 1:28:50]}
6. dxe5 {[%clk 1:10:43]} Qh4+ {[%clk 1:27:39]} 7. Ke2 {[%clk 1:10:25]} dxe5
{[%clk 1:23:51]} 8. Nf3 {[%clk 1:05:59]} Qe7 {[%clk 0:56:32]} 9. fxe5
{[%clk 1:04:47]} Nd7 {[%clk 0:44:49]} 10. Bg5 {[%clk 1:00:11]} Qb4
{[%clk 0:42:12]} 11. Rb1 {[%clk 0:54:23]} h6 {[%clk 0:40:50]} 12. Bh4
{[%clk 0:54:40]} g5 {[%clk 0:40:58]} 13. Bg3 {[%clk 0:54:25]} Ne7
{[%clk 0:40:14]} 14. Qd6 {[%clk 0:47:56]} Qb6 {[%clk 0:36:39]} 15. Bf2
{[%clk 0:29:06]} Qa5 {[%clk 0:35:13]} 16. Bg3 {[%clk 0:25:11]} Nb6
{[%clk 0:25:57]} 17. Ke1 {[%clk 0:16:56]} Be6 {[%clk 0:25:23]} 18. Qc7
{[%clk 0:16:36]} Rd8 {[%clk 0:22:19]} 19. Rd1 {[%clk 0:16:29]} Rxd1+
{[%clk 0:18:07]} 20. Kxd1 {[%clk 0:16:58]} Qb4 {[%clk 0:16:48]} 21. Kc1
{[%clk 0:17:02]} O-O {[%clk 0:14:25]} 22. Qd6 {[%clk 0:14:10]} Qxd6
{[%clk 0:12:02]} 23. exd6 {[%clk 0:14:39]} Ng6 {[%clk 0:12:16]} 24. e5
{[%clk 0:14:25]} Nd7 {[%clk 0:11:54]} 25. Nd4 {[%clk 0:13:14]} Ndxe5
{[%clk 0:10:39]} 26. Nxe6 {[%clk 0:13:39]} fxe6 {[%clk 0:11:03]} 27. Ne4
{[%clk 0:13:30]} b6 {[%clk 0:08:11]} 28. b3 {[%clk 0:11:43]} Nf4 {[%clk 0:08:09]}
29. h4 {[%clk 0:11:44]} g4 {[%clk 0:08:19]} 30. Rg1 {[%clk 0:11:37]} Neg6
{[%clk 0:06:11]} 31. Kd2 {[%clk 0:10:18]} Bd4 {[%clk 0:06:13]} 32. Rh1
{[%clk 0:10:38]} Nd5 {[%clk 0:03:31]} 33. Be2 {[%clk 0:09:09]} h5
{[%clk 0:03:59]} 34. c3 {[%clk 0:07:17]} Be3+ {[%clk 0:03:58]} 35. Kd3
{[%clk 0:07:11]} Bh6 {[%clk 0:04:11]} 36. Bf1 {[%clk 0:03:47]} Ngf4+
{[%clk 0:04:29]} 37. Bxf4 {[%clk 0:04:12]} Bxf4 {[%clk 0:03:02]} 38. g3
{[%clk 0:03:37]} Be5 {[%clk 0:03:13]} 39. Bg2 {[%clk 0:02:53]} Rd8
{[%clk 0:03:11]} 40. Re1 {[%clk 0:02:52]} Bxd6 {[%clk 0:02:39]} 41. Nxd6
{[%clk 0:03:21]} Rxd6 {[%clk 0:03:00]} 42. Kc2 {[%clk 0:03:47]} Ne7
{[%clk 0:02:35]} 43. Be4 {[%clk 0:03:32]} Kg7 {[%clk 0:02:42]} 44. Rf1
{[%clk 0:03:54]} e5 {[%clk 0:02:15]} 45. Re1 {[%clk 0:03:51]} Rf6
{[%clk 0:02:05]} 46. Kd3 {[%clk 0:04:09]} Rf2 {[%clk 0:01:06]} 47. a4
{[%clk 0:04:33]} Kf6 {[%clk 0:00:42]} 48. Kc4 {[%clk 0:04:58]} Ke6
{[%clk 0:00:33]} 49. b4 Nf5 {[%clk 0:00:41]} 50. Bxc6 {[%clk 0:05:18]} Nxg3
{[%clk 0:00:56]} 51. Kb5 {[%clk 0:05:02]} Ne2 {[%clk 0:00:33]} 52. Ka6
{[%clk 0:05:15]} g3 {[%clk 0:00:34]} 53. Kxa7 {[%clk 0:05:41]} g2
{[%clk 0:01:02]} 54. Bxg2 {[%clk 0:06:04]} Rxg2 {[%clk 0:01:30]} 55. Kxb6
{[%clk 0:06:28]} Nxc3 {[%clk 0:01:57]} 56. a5 {[%clk 0:06:14]} Nd5+
{[%clk 0:02:16]} 57. Kb7 {[%clk 0:05:29]} Nxb4 {[%clk 0:02:27]} 58. a6
{[%clk 0:05:56]} Rg7+ {[%clk 0:02:38]} 59. Kb6 {[%clk 0:06:20]} Nd5+
{[%clk 0:02:55]} 60. Kb5 {[%clk 0:06:49]} Kd6 {[%clk 0:01:47]} 61. Rc1
{[%clk 0:06:46]} Rc7 {[%clk 0:01:23]} 62. Rg1 {[%clk 0:07:13]} e4
{[%clk 0:00:32]} 63. Rg6+ {[%clk 0:07:31]} Ke5 {[%clk 0:00:41]} 64. Rg5+
{[%clk 0:07:59]} Kd4 {[%clk 0:00:58]} 65. Rxh5 {[%clk 0:08:21]} Rc5+
{[%clk 0:01:22]} 0-1

[Event "PervenstvoRT2015"]
[Site "?"]
[Date "2015.08.22"]
[Round "3.7"]
[White "Emir, Khafizov"]
[Black "Adelya, Tukaeva"]
[Result "1/2-1/2"]
[LiveChessVersion "1.4.6"]
[BlackElo "2016"]
[WhiteElo "1691"]

1. d4 {[%clk 1:30:34]} d5 {[%clk 1:30:53]} 2. Nf3 {[%clk 1:30:40]} Nf6
{[%clk 1:31:13]} 3. c4 {[%clk 1:30:53]} c6 {[%clk 1:31:34]} 4. e3
{[%clk 1:30:31]} e6 {[%clk 1:31:12]} 5. g3 {[%clk 1:30:52]} dxc4 {[%clk 1:16:59]}
6. Bxc4 {[%clk 1:29:10]} b5 {[%clk 1:16:03]} 7. Bd3 {[%clk 1:29:33]} a6
{[%clk 1:16:19]} 8. O-O {[%clk 1:29:54]} Bb7 {[%clk 1:10:19]} 9. a3
{[%clk 1:22:04]} c5 {[%clk 1:07:33]} 10. dxc5 {[%clk 1:21:30]} Bxc5
{[%clk 1:07:40]} 11. b4 {[%clk 1:21:14]} Be7 {[%clk 0:50:50]} 12. Be2
{[%clk 1:16:05]} Qc7 {[%clk 0:37:37]} 13. Bb2 {[%clk 1:14:23]} Nc6
{[%clk 0:35:35]} 14. Nbd2 {[%clk 1:12:02]} O-O {[%clk 0:34:35]} 15. Rc1
{[%clk 1:12:01]} Rac8 {[%clk 0:34:29]} 16. Nd4 {[%clk 1:10:34]} Rfd8
{[%clk 0:23:43]} 17. Bf3 {[%clk 1:04:23]} Qd7 {[%clk 0:20:03]} 18. Qe2
{[%clk 1:02:58]} Rc7 {[%clk 0:11:30]} 19. N2b3 {[%clk 0:50:30]} Ne5
{[%clk 0:05:31]} 20. Bxb7 {[%clk 0:46:48]} Rxc1 {[%clk 0:05:52]} 21. Rxc1
{[%clk 0:46:51]} Qxb7 {[%clk 0:06:14]} 22. Na5 {[%clk 0:46:29]} Qe4
{[%clk 0:02:28]} 23. Nac6 {[%clk 0:45:42]} Nxc6 {[%clk 0:02:34]} 24. Nxc6
{[%clk 0:46:05]} Rd7 {[%clk 0:01:38]} 25. Qc2 {[%clk 0:40:39]} Qxc2
{[%clk 0:01:11]} 26. Rxc2 {[%clk 0:40:58]} Nd5 27. Nb8 {[%clk 0:38:49]} Rc7
{[%clk 0:00:49]} 28. Rxc7 {[%clk 0:37:00]} Nxc7 {[%clk 0:01:18]} 29. Be5
{[%clk 0:37:22]} Nd5 {[%clk 0:01:04]} 30. Nxa6 {[%clk 0:37:33]} Nb6
{[%clk 0:00:56]} 31. Bb2 {[%clk 0:35:37]} Nc4 {[%clk 0:01:17]} 32. Bc1
{[%clk 0:36:02]} Bd6 {[%clk 0:01:36]} 33. Kf1 {[%clk 0:35:50]} Kf8
{[%clk 0:01:55]} 34. Ke2 {[%clk 0:26:04]} Ke7 {[%clk 0:02:20]} 35. f4
{[%clk 0:26:20]} Kd7 {[%clk 0:02:03]} 36. Kd3 {[%clk 0:26:02]} Kc6
{[%clk 0:02:10]} 37. a4 {[%clk 0:24:11]} Kb6 {[%clk 0:02:09]} 38. Nc5
{[%clk 0:23:15]} Bxc5 {[%clk 0:02:33]} 39. bxc5+ {[%clk 0:23:40]} Kxc5
{[%clk 0:02:54]} 40. axb5 {[%clk 0:24:06]} Kxb5 {[%clk 0:03:08]} 41. Ke4
{[%clk 0:24:19]} Kb4 {[%clk 0:03:05]} 42. Kf3 {[%clk 0:24:05]} Kc3
{[%clk 0:03:14]} 43. e4 {[%clk 0:24:28]} Kc2 {[%clk 0:01:01]} 44. Be3
{[%clk 0:24:55]} Nxe3 {[%clk 0:01:24]} 45. Kxe3 {[%clk 0:25:17]} Kd1
{[%clk 0:01:07]} 46. h4 h5 {[%clk 0:01:02]} 47. e5 {[%clk 0:24:49]} g6
{[%clk 0:00:37]} 48. f5 {[%clk 0:25:06]} exf5 {[%clk 0:00:50]} 49. Kf4
{[%clk 0:24:09]} Ke2 {[%clk 0:01:13]} 50. Kg5 {[%clk 0:24:33]} Kf3
{[%clk 0:01:22]} 51. Kf6 {[%clk 0:24:47]} Kxg3 {[%clk 0:01:41]} 52. Kxf7
{[%clk 0:25:15]} f4 {[%clk 0:02:05]} 53. e6 {[%clk 0:25:42]} f3 {[%clk 0:02:31]}
54. e7 {[%clk 0:26:11]} f2 {[%clk 0:02:56]} 55. e8=Q {[%clk 0:26:36]} f1=Q+
{[%clk 0:03:22]} 56. Kxg6 {[%clk 0:26:57]} 1/2-1/2

[Event "PervenstvoRT2015"]
[Site "?"]
[Date "2015.08.22"]
[Round "3.8"]
[White "Imanuil, Peisakhov"]
[Black "Roman, Pirmamedov"]
[Result "0-1"]
[LiveChessVersion "1.4.6"]
[BlackElo "1848"]
[WhiteElo "1897"]

1. e4 c5 2. Ne2 {[%clk 1:31:23]} d6 {[%clk 1:31:25]} 3. g3 {[%clk 1:31:50]} g6
{[%clk 1:31:51]} 4. Bg2 {[%clk 1:32:15]} Bg7 {[%clk 1:32:18]} 5. Nbc3
{[%clk 1:32:25]} Nc6 {[%clk 1:32:43]} 6. O-O {[%clk 1:32:45]} e6 {[%clk 1:33:12]}
7. d3 {[%clk 1:32:48]} Nge7 8. h3 {[%clk 1:31:39]} O-O {[%clk 1:34:00]} 9. Kh2
{[%clk 1:31:43]} d5 {[%clk 1:33:40]} 10. exd5 {[%clk 1:25:40]} exd5
{[%clk 1:31:55]} 11. Nf4 {[%clk 1:25:31]} d4 {[%clk 1:31:31]} 12. Ne4
{[%clk 1:24:51]} b6 {[%clk 1:30:57]} 13. a3 {[%clk 1:22:08]} Bb7 {[%clk 1:28:37]}
14. h4 {[%clk 1:17:15]} Ne5 {[%clk 1:22:38]} 15. Nf6+ {[%clk 1:07:39]} Bxf6
{[%clk 1:23:00]} 16. Bxb7 Rb8 {[%clk 1:23:22]} 17. Be4 {[%clk 1:07:54]} Qd7
{[%clk 1:19:28]} 18. Nh3 {[%clk 1:06:18]} h5 {[%clk 1:18:23]} 19. Kg2
{[%clk 1:01:06]} Nf5 {[%clk 1:18:09]} 20. Bg5 {[%clk 0:59:42]} Bxg5
{[%clk 1:17:13]} 21. Nxg5 {[%clk 0:59:27]} Ng4 {[%clk 1:17:05]} 22. Qf3 Ne7
{[%clk 1:16:15]} 23. Qe2 {[%clk 0:47:43]} Rbe8 {[%clk 1:14:46]} 24. Bf3
{[%clk 0:40:08]} Nd5 {[%clk 0:52:39]} 25. Be4 {[%clk 0:33:08]} f5
{[%clk 0:48:15]} 26. Bxd5+ {[%clk 0:32:39]} Qxd5+ {[%clk 0:48:37]} 27. Qf3
{[%clk 0:33:00]} Qxf3+ {[%clk 0:49:02]} 28. Kxf3 Nh2+ {[%clk 0:49:27]} 29. Kg2
{[%clk 0:32:06]} Nxf1 {[%clk 0:49:50]} 30. Kxf1 {[%clk 0:32:08]} f4
{[%clk 0:49:43]} 31. Re1 {[%clk 0:31:46]} Rxe1+ {[%clk 0:48:43]} 32. Kxe1
{[%clk 0:32:09]} fxg3 {[%clk 0:48:59]} 33. fxg3 {[%clk 0:32:07]} Re8+
{[%clk 0:43:56]} 34. Ne4 {[%clk 0:31:53]} Rxe4+ {[%clk 0:37:40]} 35. dxe4
{[%clk 0:31:53]} Kf7 {[%clk 0:38:02]} 36. Ke2 {[%clk 0:27:01]} Ke6
{[%clk 0:38:27]} 37. Kd2 {[%clk 0:16:54]} Ke5 {[%clk 0:38:49]} 38. Kd3
{[%clk 0:17:16]} b5 {[%clk 0:28:56]} 39. b3 {[%clk 0:17:36]} a5 {[%clk 0:29:13]}
40. a4 {[%clk 0:15:34]} b4 {[%clk 0:28:55]} 41. Kc4 {[%clk 0:14:36]} Kxe4
{[%clk 0:29:05]} 42. Kb5 {[%clk 0:15:05]} c4 {[%clk 0:28:01]} 43. bxc4
{[%clk 0:09:52]} d3 {[%clk 0:27:36]} 44. cxd3+ {[%clk 0:10:09]} Kxd3
{[%clk 0:28:02]} 45. c5 {[%clk 0:09:38]} b3 {[%clk 0:28:25]} 46. c6
{[%clk 0:06:27]} b2 {[%clk 0:28:49]} 47. c7 {[%clk 0:06:43]} b1=Q+
{[%clk 0:29:15]} 48. Ka6 {[%clk 0:07:10]} Qc2 {[%clk 0:29:10]} 49. Kb7
{[%clk 0:07:35]} Qb3+ {[%clk 0:29:04]} 50. Ka7 {[%clk 0:07:17]} Qc4
{[%clk 0:28:54]} 51. Kb8 {[%clk 0:07:39]} Qb4+ {[%clk 0:29:05]} 52. Ka8
{[%clk 0:08:00]} Qc5 {[%clk 0:29:26]} 53. Kb7 {[%clk 0:08:24]} Qd5+
{[%clk 0:29:06]} 54. Kb8 {[%clk 0:08:37]} Qb3+ {[%clk 0:28:10]} 55. Ka7
{[%clk 0:08:59]} Qc4 {[%clk 0:28:32]} 56. Kb8 {[%clk 0:09:17]} Kc3
{[%clk 0:28:38]} 57. c8=Q {[%clk 0:09:41]} Qxc8+ {[%clk 0:29:03]} 58. Kxc8
{[%clk 0:10:07]} Kb4 {[%clk 0:29:31]} 59. Kd7 {[%clk 0:10:26]} Kxa4
{[%clk 0:29:50]} 60. Ke6 {[%clk 0:10:52]} Kb4 {[%clk 0:30:15]} 61. Kf6
{[%clk 0:11:14]} a4 {[%clk 0:30:43]} 62. Kxg6 {[%clk 0:11:40]} a3
{[%clk 0:31:06]} 63. Kxh5 {[%clk 0:12:03]} a2 {[%clk 0:31:33]} 64. Kg6
{[%clk 0:09:49]} a1=Q {[%clk 0:31:56]} 65. h5 {[%clk 0:09:45]} Qh8
{[%clk 0:32:19]} 66. h6 {[%clk 0:09:43]} Kc5 {[%clk 0:32:20]} 67. g4
{[%clk 0:09:27]} Kd6 {[%clk 0:32:42]} 68. g5 {[%clk 0:08:55]} Ke6
{[%clk 0:32:56]} 69. h7 {[%clk 0:09:15]} Ke7 {[%clk 0:32:49]} 70. Kh6
{[%clk 0:08:56]} Kf7 {[%clk 0:32:53]} 0-1

[Event "PervenstvoRT2015"]
[Site "?"]
[Date "2015.08.22"]
[Round "3.9"]
[White "Kirill, Akifiev"]
[Black "Bogdan, Bogatov"]
[Result "1-0"]
[LiveChessVersion "1.4.6"]
[BlackElo "1660"]
[WhiteElo "1823"]

1. c4 {[%clk 1:30:55]} c5 {[%clk 1:30:18]} 2. Nc3 {[%clk 1:31:21]} Nf6
{[%clk 1:29:02]} 3. g3 {[%clk 1:31:48]} e6 {[%clk 1:22:43]} 4. Bg2
{[%clk 1:32:08]} Be7 {[%clk 1:22:35]} 5. Nf3 {[%clk 1:32:33]} O-O
{[%clk 1:22:31]} 6. O-O {[%clk 1:32:45]} Qc7 {[%clk 1:22:01]} 7. Nb5
{[%clk 1:32:09]} Qd8 {[%clk 1:21:45]} 8. d4 {[%clk 1:31:50]} a6 {[%clk 1:21:43]}
9. Nc3 {[%clk 1:31:46]} cxd4 {[%clk 1:21:59]} 10. Nxd4 {[%clk 1:30:54]} Qc7
{[%clk 1:21:36]} 11. Qd3 {[%clk 1:07:09]} d6 {[%clk 1:04:05]} 12. Ne4
{[%clk 0:58:06]} Nxe4 {[%clk 1:02:56]} 13. Bxe4 {[%clk 0:58:18]} f5
{[%clk 1:01:36]} 14. Bg2 {[%clk 0:58:20]} e5 {[%clk 1:01:29]} 15. Bd5+
{[%clk 0:58:40]} Kh8 {[%clk 1:01:43]} 16. Ne6 {[%clk 0:55:41]} Bxe6
{[%clk 1:02:03]} 17. Bxe6 {[%clk 0:56:09]} e4 {[%clk 1:02:03]} 18. Qd5
{[%clk 0:55:43]} g6 {[%clk 0:58:06]} 19. Bh6 {[%clk 0:55:39]} Rf6
{[%clk 0:56:41]} 20. c5 {[%clk 0:46:31]} dxc5 {[%clk 0:47:43]} 21. Bf4
{[%clk 0:46:32]} Qb6 {[%clk 0:43:08]} 22. Be5 {[%clk 0:45:46]} Nc6
{[%clk 0:42:37]} 23. Bxf6+ {[%clk 0:45:51]} Bxf6 {[%clk 0:43:03]} 24. e3
{[%clk 0:42:30]} Ne5 {[%clk 0:21:50]} 25. Qb3 {[%clk 0:39:54]} Qc7
{[%clk 0:19:06]} 26. a4 {[%clk 0:38:14]} Nf3+ {[%clk 0:15:27]} 27. Kg2
{[%clk 0:38:41]} Nd2 {[%clk 0:15:40]} 28. Qc2 {[%clk 0:39:05]} Nxf1
{[%clk 0:15:46]} 29. Rxf1 {[%clk 0:39:31]} Qe5 {[%clk 0:14:18]} 30. Bc4
{[%clk 0:38:20]} b5 {[%clk 0:11:08]} 31. axb5 {[%clk 0:38:31]} axb5
{[%clk 0:11:33]} 32. Bxb5 {[%clk 0:38:29]} Rb8 {[%clk 0:11:58]} 33. Qc4
{[%clk 0:36:37]} Qxb2 {[%clk 0:10:51]} 34. Qf7 {[%clk 0:36:28]} Bg7
{[%clk 0:09:26]} 35. Bc4 {[%clk 0:35:58]} Rf8 {[%clk 0:06:41]} 36. Qd5
{[%clk 0:36:10]} Qb4 {[%clk 0:06:07]} 37. Rd1 {[%clk 0:35:11]} Qb6
{[%clk 0:04:52]} 38. Qd7 {[%clk 0:33:07]} Qb4 {[%clk 0:04:04]} 39. Qe6
{[%clk 0:32:18]} Qc3 {[%clk 0:02:28]} 40. Rd7 1-0

[Event "PervenstvoRT2015"]
[Site "?"]
[Date "2015.08.22"]
[Round "3.10"]
[White "Ilnar, Valiev"]
[Black "Ilya, Krasov"]
[Result "0-1"]
[LiveChessVersion "1.4.6"]
[BlackElo "1798"]
[WhiteElo "1620"]

1. d4 {[%clk 1:30:56]} d5 {[%clk 1:30:55]} 2. c4 {[%clk 1:31:19]} c6
{[%clk 1:31:21]} 3. Nc3 {[%clk 1:31:22]} Nf6 {[%clk 1:31:45]} 4. Bf4
{[%clk 1:31:16]} e6 {[%clk 1:32:08]} 5. a3 {[%clk 1:31:10]} Nbd7 {[%clk 1:31:57]}
6. e3 {[%clk 1:31:07]} Be7 {[%clk 1:31:59]} 7. Rc1 {[%clk 1:31:05]} O-O
{[%clk 1:32:04]} 8. cxd5 {[%clk 1:31:09]} exd5 {[%clk 1:31:52]} 9. Bd3
{[%clk 1:31:23]} Re8 {[%clk 1:30:28]} 10. b4 {[%clk 1:27:00]} Nf8
{[%clk 1:20:06]} 11. Nf3 {[%clk 1:24:14]} Bg4 {[%clk 1:14:52]} 12. Qc2
{[%clk 1:22:37]} Ne6 {[%clk 1:07:17]} 13. Ne2 {[%clk 1:16:19]} Nxf4
{[%clk 0:57:38]} 14. Nxf4 {[%clk 1:16:30]} Bd6 {[%clk 0:49:51]} 15. Ne2
{[%clk 1:14:04]} Ne4 {[%clk 0:47:50]} 16. Nd2 {[%clk 1:08:48]} f5
{[%clk 0:39:02]} 17. h3 {[%clk 1:03:11]} Qh4 {[%clk 0:35:16]} 18. O-O
{[%clk 1:02:05]} Bxh3 {[%clk 0:26:29]} 19. Nf3 {[%clk 1:01:50]} Qh5
{[%clk 0:23:23]} 20. Ne5 {[%clk 0:55:49]} Bxe5 {[%clk 0:09:49]} 21. dxe5
{[%clk 0:56:10]} Ng5 {[%clk 0:05:17]} 22. Nf4 {[%clk 0:52:28]} Nf3+
{[%clk 0:03:19]} 23. gxf3 {[%clk 0:52:37]} Qg5+ {[%clk 0:03:43]} 24. Kh2
{[%clk 0:52:26]} Bxf1 {[%clk 0:04:01]} 25. Rxf1 {[%clk 0:52:41]} Rxe5
{[%clk 0:04:12]} 26. Nh3 {[%clk 0:52:37]} Qh5 {[%clk 0:03:42]} 27. f4
{[%clk 0:52:54]} Re6 {[%clk 0:04:01]} 28. Bxf5 {[%clk 0:52:47]} Rf6
{[%clk 0:04:25]} 29. Bd3 {[%clk 0:51:25]} Rh6 {[%clk 0:04:27]} 30. Bf5
{[%clk 0:51:45]} Rf8 {[%clk 0:04:54]} 31. Rg1 {[%clk 0:50:46]} Qxf5
{[%clk 0:04:11]} 32. Qxf5 {[%clk 0:51:09]} Rxf5 {[%clk 0:04:38]} 33. Rg3
{[%clk 0:50:38]} d4 {[%clk 0:04:01]} 34. exd4 {[%clk 0:50:14]} Rxf4
{[%clk 0:04:23]} 35. Kg2 {[%clk 0:50:41]} Rxd4 {[%clk 0:04:45]} 36. Re3
{[%clk 0:50:53]} Rg6+ {[%clk 0:05:01]} 37. Kf3 {[%clk 0:51:05]} Rd8
{[%clk 0:04:19]} 38. Nf4 {[%clk 0:51:07]} Rf6 {[%clk 0:04:42]} 39. Kg3
{[%clk 0:51:14]} Rdf8 {[%clk 0:05:04]} 0-1

[Event "PervenstvoRT2015"]
[Site "?"]
[Date "2015.08.23"]
[Round "4.4"]
[White "Anastasia, Kozina"]
[Black "Bulat, Nizamov"]
[Result "1-0"]
[LiveChessVersion "1.4.6"]
[BlackElo "2117"]
[WhiteElo "2105"]

1. e4 {[%clk 1:30:58]} c5 {[%clk 1:24:52]} 2. Nf3 {[%clk 1:31:21]} e6
{[%clk 1:25:17]} 3. d4 {[%clk 1:31:41]} cxd4 {[%clk 1:25:43]} 4. Nxd4
{[%clk 1:32:03]} a6 {[%clk 1:26:09]} 5. Bd3 {[%clk 1:32:22]} Bc5 {[%clk 1:26:33]}
6. Nb3 {[%clk 1:32:43]} Ba7 {[%clk 1:26:58]} 7. Qe2 {[%clk 1:33:01]} d6
{[%clk 1:26:24]} 8. Be3 {[%clk 1:33:14]} Nc6 {[%clk 1:26:38]} 9. O-O
{[%clk 1:32:39]} Nf6 {[%clk 1:26:07]} 10. c4 {[%clk 1:32:26]} Bxe3
{[%clk 1:24:51]} 11. Qxe3 {[%clk 1:32:49]} e5 {[%clk 1:24:41]} 12. Nc3
{[%clk 1:28:49]} O-O {[%clk 1:20:14]} 13. Rfd1 {[%clk 1:26:55]} Be6
{[%clk 1:19:05]} 14. Bf1 {[%clk 1:25:27]} Qe7 {[%clk 1:10:35]} 15. Rac1
{[%clk 1:23:57]} Rac8 {[%clk 1:10:07]} 16. Na4 {[%clk 1:07:10]} Qc7
{[%clk 1:06:37]} 17. h3 {[%clk 1:03:53]} Qb8 {[%clk 1:06:26]} 18. Nb6
{[%clk 1:01:01]} Rcd8 {[%clk 1:06:41]} 19. Rd2 {[%clk 0:47:40]} Qa7
{[%clk 0:52:55]} 20. Rcd1 {[%clk 0:47:35]} Nxe4 {[%clk 0:52:21]} 21. Qxe4
{[%clk 0:48:01]} Qxb6 {[%clk 0:52:41]} 22. Rxd6 {[%clk 0:48:23]} Rxd6
{[%clk 0:52:28]} 23. Rxd6 {[%clk 0:48:48]} Rd8 {[%clk 0:52:39]} 24. Rxd8+
{[%clk 0:40:25]} Qxd8 {[%clk 0:52:31]} 25. Nc5 {[%clk 0:40:45]} Qe7
{[%clk 0:50:11]} 26. Nxe6 {[%clk 0:40:21]} Qxe6 {[%clk 0:50:32]} 27. b4
{[%clk 0:38:38]} f5 {[%clk 0:46:13]} 28. Qf3 {[%clk 0:37:31]} e4 {[%clk 0:43:10]}
29. Qc3 {[%clk 0:37:16]} Qd6 {[%clk 0:36:42]} 30. b5 {[%clk 0:36:05]} Qd4
{[%clk 0:35:55]} 31. bxc6 {[%clk 0:32:46]} Qxc3 {[%clk 0:35:58]} 32. c7
{[%clk 0:33:10]} Qe5 {[%clk 0:35:29]} 33. c8=Q+ {[%clk 0:33:34]} Kf7
{[%clk 0:35:55]} 34. Qxb7+ {[%clk 0:33:51]} Kf6 {[%clk 0:36:19]} 35. Qd5
{[%clk 0:32:35]} Qc3 {[%clk 0:36:31]} 36. Qd6+ {[%clk 0:31:59]} Kf7
{[%clk 0:36:54]} 37. Qxa6 {[%clk 0:31:18]} 1-0

[Event "PervenstvoRT2015"]
[Site "?"]
[Date "2015.08.23"]
[Round "4.5"]
[White "Mikhail, Galiullin"]
[Black "Adelya, Tukaeva"]
[Result "1-0"]
[LiveChessVersion "1.4.6"]
[BlackElo "2016"]
[WhiteElo "2110"]

1. e4 {[%clk 1:30:46]} c5 {[%clk 1:30:45]} 2. Nf3 {[%clk 1:31:03]} d6
{[%clk 1:30:42]} 3. d4 {[%clk 1:31:27]} cxd4 {[%clk 1:31:06]} 4. Nxd4
{[%clk 1:31:53]} Nf6 {[%clk 1:31:26]} 5. Nc3 {[%clk 1:32:18]} g6 {[%clk 1:31:49]}
6. Be3 {[%clk 1:32:37]} Bg7 {[%clk 1:32:09]} 7. f3 {[%clk 1:32:52]} O-O
{[%clk 1:32:30]} 8. Qd2 {[%clk 1:32:20]} Nc6 {[%clk 1:32:43]} 9. O-O-O
{[%clk 1:29:38]} d5 {[%clk 1:29:28]} 10. Qe1 {[%clk 1:25:29]} e5 {[%clk 1:03:58]}
11. Nxc6 {[%clk 1:24:24]} bxc6 {[%clk 1:01:15]} 12. exd5 {[%clk 1:21:49]} cxd5
{[%clk 0:54:14]} 13. Bg5 {[%clk 1:20:54]} Be6 {[%clk 0:44:48]} 14. Bc4
{[%clk 1:18:01]} Qc7 {[%clk 0:31:31]} 15. Bxf6 {[%clk 1:05:48]} Bxf6
{[%clk 0:26:49]} 16. Bxd5 {[%clk 1:05:27]} Bg5+ {[%clk 0:22:06]} 17. Kb1
{[%clk 1:05:38]} Rab8 {[%clk 0:21:13]} 18. Bxe6 {[%clk 1:00:46]} fxe6
{[%clk 0:20:38]} 19. Ne4 {[%clk 0:55:21]} Rfc8 {[%clk 0:11:02]} 20. Qe2
{[%clk 0:53:11]} Be7 {[%clk 0:11:00]} 21. Rd3 {[%clk 0:53:00]} Qc4
{[%clk 0:06:24]} 22. Rhd1 {[%clk 0:51:38]} a6 {[%clk 0:00:47]} 23. c3
{[%clk 0:51:35]} Ba3 {[%clk 0:00:33]} 24. Rd8+ {[%clk 0:51:37]} Kg7
{[%clk 0:00:39]} 25. R1d7+ {[%clk 0:51:59]} 1-0